00652cam a22001937a 4500003000500000005001700005008004100022010001000063011001000073035001000083040000900093100003000102245014300132260004100275300002200316502007500338650002600413650001900439CHAP20251002103646.0990211d1998 mx r 00110 spa d a77010 a77982 a87758 cCHAP00aLlamas Pérez, Salvador.10aEfectos de la frecuencia de corte sobre el rendimiento y calidad de pasto Digitaria decumbens, var. Transvalc/por Salvador LLamas Pérez aChapingo, Méx. :bEl autor,c1998. a65 h. :bgráfs. aTesis (Ing. Agr. Esp. en Zootecnia) -- UACH. Departamento de Zootecnia17aDigitaria decumbens214aPastosxCorte.